Movies Quiz

Random Movies or Oscar Quiz

Oscar Nominees: Best Director 1990-2017 Quiz Stats

Quiz not verified by Sporcle

Challenge
Share
Tweet
Embed
Score 0/140 Timer 15:00
1 Play Today
Year Director % Correct
1993Steven Spielberg
99.4%
1998Steven Spielberg
99.4%
2005Steven Spielberg
99.4%
2012Steven Spielberg
99.4%
1990Martin Scorsese
98.8%
2002Martin Scorsese
98.8%
2004Martin Scorsese
98.8%
2006Martin Scorsese
98.8%
2011Martin Scorsese
98.8%
1992Clint Eastwood
98.6%
2003Clint Eastwood
98.6%
2004Clint Eastwood
98.6%
2006Clint Eastwood
98.6%
2013Martin Scorsese
98.6%
2012Ang Lee
98.4%
1997James Cameron
98.4%
2009James Cameron
98.4%
2000Ang Lee
98.1%
2005Ang Lee
98.1%
1996Joel Coen
97.6%
1994Quentin Tarantino
97.5%
2009Quentin Tarantino
97.5%
2016Mel Gibson
97.3%
2007Joel Coen and Ethan Coen
97.2%
2010Joel Coen and Ethan Coen
97.2%
1990Francis Ford Coppola
97.1%
2001Peter Jackson
96.7%
2003Peter Jackson
96.7%
1990Kevin Costner
96.6%
2003Sofia Coppola
96.5%
2011Woody Allen
96.5%
1995Mel Gibson
96.4%
2001Ron Howard
94.5%
2008Ron Howard
94.5%
1994Woody Allen
94.4%
2009Kathryn Bigelow
94.4%
2017Paul Thomas Anderson
94.4%
2014Wes Anderson
93.9%
1991Ridley Scott
93.9%
2000Ridley Scott
93.9%
2001Ridley Scott
93.9%
2017Guillermo del Toro
93.7%
2005George Clooney
93%
2008Danny Boyle
92.5%
2017Christopher Nolan
92.3%
2017Jordan Peele
92.3%
1991Oliver Stone
91.9%
Year Director % Correct
1994Robert Zemeckis
91.8%
2000Steven Soderbergh
91%
2000Steven Soderbergh
91%
2002Roman Polanski
91%
1999Sam Mendes
90.9%
2012David O. Russell
90.6%
2013David O. Russell
90.6%
2008David Fincher
90.5%
2010David Fincher
90.5%
2007Paul Thomas Anderson
89.9%
2015Alejandro González Iñárritu
89.3%
1991Jonathan Demme
89.1%
2014Alejandro González Iñárritu
88.9%
2010David O. Russell
88%
1998Roberto Benigni
87.7%
2013Steve McQueen
87.6%
2013Alfonso Cuarón
87%
2011Terrence Malick
86.8%
2001David Lynch
86.4%
2015George Miller
86%
2017Greta Gerwig
85.9%
2010Tom Hooper
85.3%
1997Gus Van Sant
85.2%
2008Gus Van Sant
85.2%
2014Bennett Miller
85.2%
1998Terrence Malick
85%
2010Darren Aronofsky
84.7%
2011Alexander Payne
84.6%
2007Jason Reitman
84.6%
2009Jason Reitman
84.6%
2013Alexander Payne
84%
2014Richard Linklater
84%
1999Spike Jonze
83.5%
1992Robert Altman
83.4%
1993Robert Altman
83.4%
2001Robert Altman
83.4%
1999M. Night Shyamalan
83%
1996Anthony Minghella
82.5%
2016Damien Chazelle
82.1%
2004Alexander Payne
81.9%
2006Alejandro González Iñárritu
80.4%
1998Peter Weir
80.3%
2003Peter Weir
80.3%
1994Robert Redford
79.4%
2002Rob Marshall
78.9%
2005Paul Haggis
78.2%
2005Bennett Miller
77.7%
Year Director % Correct
1993Jane Campion
76%
2006Paul Greengrass
76%
2009Lee Daniels
75.7%
1990Stephen Frears
75.1%
2006Stephen Frears
75.1%
1995Tim Robbins
74.7%
2015Adam McKay
74.3%
2000Stephen Daldry
74.2%
2002Stephen Daldry
74.2%
2008Stephen Daldry
74.2%
2011Michel Hazanavicius
74.1%
2012Michael Haneke
74.1%
1999Michael Mann
74%
2016Barry Jenkins
73.6%
1991John Singleton
73.5%
1996Milos Forman
73.1%
1996Mike Leigh
73%
2004Mike Leigh
73%
2002Pedro Almodovar
72.7%
2015Tom McCarthy
72.7%
1992James Ivory
72.5%
1993James Ivory
72.5%
2016Kenneth Lonergan
72.1%
1998John Madden
70.2%
1997Curtis Hanson
69.5%
2016Denis Villeneuve
69%
2015Lenny Abrahamson
68.3%
2004Taylor Hackford
68.1%
2012Benh Zeitlin
67.1%
2014Morten Tyldum
66.7%
1999Lasse Hallstrom
66.5%
2007Julian Schnabel
66.2%
1993Jim Sheridan
64.8%
2007Tony Gilroy
64.8%
1991Barry Levinson
63.7%
2003Fernando Meirelles
63.1%
1994Krystof Kieslowski
62.3%
1992Neil Jordan
62.1%
1995Mike Figgis
59.5%
1997Atom Egoyan
58%
1992Martin Brest
56.5%
1990Barbet Schroeder
52.1%
1995Chris Noonan
52%
1996Scott Hicks
50.8%
1997Peter Cattaneo
50.5%
1995Michael Radford
49.9%

You're not logged in!

Compare scores with friends on all Sporcle quizzes.
Sign Up with Email
OR
Log In

You Might Also Like...

Show Comments

Extras

Top Quizzes Today


Score Distribution

Your Account Isn't Verified!

In order to create a playlist on Sporcle, you need to verify the email address you used during registration. Go to your Sporcle Settings to finish the process.

Report this User

Report this user for behavior that violates our Community Guidelines.

Details: